Social Welfare in Britain: учебник

Dettagli Bibliografici
Autore principale: Комаровская С. Д. Софья Давыдовна
Ente Autore: Специализированный институт юриспруденции
Riassunto:Данный учебник — новейшая разработка в преподавании по тематике «Право и организация социального обеспечения». Специальная лексика, вводимая тематически, закрепляется в разнообразных упражнениях и находит свое применение в профессионально-ориентированных дискуссиях, диалогах и групповых беседах (ролевых играх), которые позволяют подойти к изучению иностранного языка как к живому процессу коммуникации. Материал отобран с учетом познавательной ценности и актуальности изучения действующей в настоящее время системы социального обеспечения в Великобритании. Издание предназначено для учащихся средних специальных учебных заведений и слушателей курсов повышения квалификации, а также работников сферы социального обслуживания.
Lingua:russo
inglese
Pubblicazione: Москва, Университет, 2006
Soggetti:
Natura: MixedMaterials Libro
KOHA link:https://koha.lib.tpu.ru/cgi-bin/koha/opac-detail.pl?biblionumber=126612

MARC

LEADER 00000nam0a2200000 4500
001 126612
005 20231101220014.0
010 |a 5982271012 
035 |a (RuTPU)RU\TPU\book\136968 
090 |a 126612 
100 |a 20071129d2006 m y0rusy50 ca 
101 0 |a rus  |a eng 
102 |a RU 
105 |a y j 001zy 
200 1 |a Social Welfare in Britain  |d Социальное обеспечение в Великобритании  |e учебник  |f С. Д. Комаровская  |g Специализированный институт юриспруденции 
210 |a Москва  |c Университет  |d 2006 
215 |a 192 с. 
320 |a Список использованной литературы: с. 190. 
330 |a Данный учебник — новейшая разработка в преподавании по тематике «Право и организация социального обеспечения». Специальная лексика, вводимая тематически, закрепляется в разнообразных упражнениях и находит свое применение в профессионально-ориентированных дискуссиях, диалогах и групповых беседах (ролевых играх), которые позволяют подойти к изучению иностранного языка как к живому процессу коммуникации. Материал отобран с учетом познавательной ценности и актуальности изучения действующей в настоящее время системы социального обеспечения в Великобритании. Издание предназначено для учащихся средних специальных учебных заведений и слушателей курсов повышения квалификации, а также работников сферы социального обслуживания. 
606 1 |a Английский язык  |x Учебные руководства и пособия  |x Учебные руководства и пособия для высшей школы  |2 stltpush  |3 (RuTPU)RU\TPU\subj\29071  |9 52483 
610 1 |a лексика 
610 1 |a грамматика 
610 1 |a разговорная речь 
610 1 |a социальная работа 
610 1 |a социальное обеспечение 
610 1 |a Великобритания 
686 |a Ш143.21-923  |v LBC/SL-A  |2 rubbk 
700 1 |a Комаровская  |b С. Д.  |g Софья Давыдовна 
712 0 2 |a Специализированный институт юриспруденции  |2 stltpush  |3 (RuTPU)RU\TPU\col\12194  |9 25351 
801 1 |a RU  |b 63413507  |c 20071129  |g PSBO 
801 2 |a RU  |b 63413507  |c 20160824  |g PSBO 
942 |c BK 
959 |a 85/20071127  |d 1  |e 231,00  |f ЧЗИЛ:1